Detalles MARC
| 000 -LÍDER |
| Campo fijo de descripción fija |
01247cam a2200265 i 4500 |
| 001 - NÚMERO DE CONTROL |
| Campo de control |
127 |
| 003 - IDENTIFICADOR DEL NÚMERO DE CONTROL |
| Campo de control |
CO-MdFUSB |
| 005 - FECHA Y HORA DE LA ULTIMA TRANSACCIÓN |
| control field |
20221029110241.0 |
| 008 - ELEMENTOS DE LONGITUD FIJA -- INFORMACIÓN GENERAL |
| Campo fijo de descripción fija -- Información general |
221029t1960 sp ||||| |||| 00| 0 spa d |
| 040 ## - FUENTE DE CATALOGACIÓN |
| Idioma de catalogación |
spa. |
| Agencia de catalogación original |
CO-MdFUSB |
| Agencia que realiza la transcripción |
CO-MdFUSB |
| Agencia que realiza la modificación |
CO-MdFUSBC |
| Convenciones de la descripción |
rda |
| 041 ## - CÓDIGO DE IDIOMA |
| Código de idioma para texto/pista de sonido o título separado |
spa |
| 082 04 - NÚMERO DE CLASIFICACIÓN DECIMAL DEWEY |
| Número de clasificación |
R 220.7 |
| Clave de autor-Numero de item |
O645c |
| 100 ## - ASIENTO PRINCIPAL--NOMBRE PERSONAL |
| Término relacionador |
autor |
| 245 10 - TÍTULO |
| Título del Material |
Verbum Dei : Comentario a la Sagrada Escritura / B. Orchard... [et. al.] |
| Mención de responsabilidad, etc. |
/ |
| 264 #1 - PRODUCCIÓN, PUBLICACIÓN, DISTRIBUCIÓN, MANUFACTURA, Y COPYRIGHT |
| Lugar de producción, publicación, distribución, manufactura |
Barcelona, España : |
| Nombre del productor, publicador, distribuidor |
Herder, |
| Fecha de producción, publicación, distribución, manufactura, o copyright |
[1960] |
| 264 #4 - PRODUCCIÓN, PUBLICACIÓN, DISTRIBUCIÓN, MANUFACTURA, Y COPYRIGHT |
| Fecha de producción, publicación, distribución, manufactura, o copyright |
© 1960 |
| 300 ## - DESCRIPCIÓN FÍSICA |
| Dimensiones |
; |
| 336 ## - TIPO DE CONTENIDO |
| Fuente |
rdacontent |
| Término de tipo de contenido |
texto |
| Código de tipo de contenido |
txt |
| 337 ## - TIPO DE MEDIO |
| Fuente |
rdamedia |
| Nombre del tipo de medio |
sin mediación |
| Código del tipo de medio |
n |
| 338 ## - TIPO DE SOPORTE |
| Fuente |
rdacarrier |
| Nombre del tipo de soporte |
volumen |
| Código Tipo de soporte |
nc |
| 505 ## - NOTA DE CONTENIDO |
| Nota de contenido con formato preestablecido |
Vol. 1 : Introducción general al Antiguo Testamento : Génesis a Paralipómenos Vol. 2 : Antiguo Testamento : Esdras-Nehemías, Tobias, Judit, Ester; Literatura poética y sapiencial; Literatura profética; 1 y 2 de Macabeos. Vol 3 : Introducción al Nuevo Testameto; Comentarios a los Evangelios. Vol. 4 : Hechos, Romanos, 1 y 2 a los Corintios, Gálatas, Efesios, Filipenses, Colosenses, 1 y 2 a los Tesalonicenses, 1 y 2 a Timoteo, Yito, Filemón, Hebreos, Santiago, 1 y 2 de Pedro, 1, 2 y 3 de Juan, Judas, Apocalipsis. |
| 653 ## - TÉRMINO DE INDIZACIÓN - NO CONTROLADO |
| Término no controlado |
Comentario bíblico |
| 942 ## - TIPO DE MATERIAL (KOHA) |
| Tipo de Item KOHA |
Libros General |
| 945 ## - INFORMACIÓN LOCAL DEL REGISTRO |
| Catalogador |
estudiante |